00619 a2200157 4500003000500000005001700005040000900022082001600031100001900047245006900066260003700135300002900172505018800201600001900389650005300408Nust20230221122416.0 cNust a327.54, CHO aG.W. Choudhury aIndia, Pakistan, Banglades, and the major powerscG.W. Choudhury aThe free pressbNew YorkcLondon axii, 276 pbillusc18 cm aThe Soviet Union And The Subcontinent (Page-5), The United States And The Subcontinent (Page-71), China And The Subcontinent (Page-145), Bangladesh And Continuing Tensions (Page-199). aG.W. Choudhury aIndia, Pakistan, Banglades, and the major powers